Classic TV: 1994 Listings Quiz Stats

Quiz Updated Apr 3, 2015

Challenge
Share
Tweet
Embed
Score 0/34 Timer 08:00
0 Plays Today
Answer % Correct
Seinfeld
96.7%
Friends
94.8%
ER
94.5%
Home Improvement
93.5%
Murder, She Wrote
89.4%
The Fresh Prince of Bel-Air
88.9%
Frasier
88.5%
These Friends of Mine
88.1%
The Simpsons
87.3%
The Nanny
85.9%
The X-Files
85.4%
Full House
85.4%
Roseanne
83.1%
Married… With Children
80.6%
Mad About You
79.2%
Family Matters
77.4%
Boy Meets World
76.9%
Answer % Correct
NYPD Blue
76%
Coach
72.2%
Law & Order
68.1%
Dr. Quinn, Medicine Woman
67.9%
Sister, Sister
64.8%
Grace Under Fire
61.9%
Matlock
60.3%
Melrose Place
58.1%
Lois & Clark
58%
Wings
58%
Blossom
57.2%
NewsRadio
56.6%
Murphy Brown
56.2%
Touched by an Angel
51.4%
Chicago Hope
48.6%
Step by Step
47.3%
Walker, Texas Ranger
29.7%

You're not logged in!

Compare scores with friends on all Sporcle quizzes.
Sign Up with Email
OR
Log In

You Might Also Like...

Show Comments

Extras

Top Quizzes Today


Score Distribution

Your Account Isn't Verified!

In order to create a playlist on Sporcle, you need to verify the email address you used during registration. Go to your Sporcle Settings to finish the process.